000 01337nam a2200253Ia 4500
003 Ost
005 20260507075233.0
008 260507s9999||||xx |||||||||||||| ||und||
020 _a64473299579
040 _cfsecg
041 _aara
082 _a330
100 _aحريم، حسين محمود
_eمؤلف
245 0 _aمهارات الاتصال في عالم الاقتصاد و ادارة الاعمال /
_c حسين محمود حريم
260 _aعمان:
_bدار الحامد,
_c2009
300 _a330 صفحة؛
_bإيضاحات ؛
_c24 سم
504 _aمراجع ص.327
520 _aمدخل إلى المراسلات و الاتصالات في منظمات الأعمال ، أسسكتابة المراسلات الناجحة ،عملية كتابة رسائل الأمال ، بنية الرسائل و تصميمها ، الرسائل الإيجابية و الرسائل الحيادية ، الرسائل السلبية ، الرسائل الاقناعية ورسائل البيع ،عملية طلب التوظيف ، المذكرات الداخلية ، تقارير العمل ، الاتصالات الشفهية الفعالة .
653 _aإدارة الاعمال
653 _aالاتصال
653 _aالاقتصاد
653 _aالعلاقات العامة
942 _cكتاب
999 _c43571
_d43571